Регионална библиотека "Любен Каравелов" - Русе

Обща психология (Запис номер 99141)

MARC детайли
000 -Лидер
Контролно поле с фиксирана дължина 01339nam a2200349 c 4500
003 - Код на организацията, давaща контролен номер
Контролно поле BLK
005 - Дата и час на последна редакция
Контролно поле 20250709160004.0
008 - Елементи от данни с фиксирана дължина
fixed length control field 180409b bul|||||r ||||||| ||bul||
010 ## - Наследен системен номер
LC control number KNG00104137000
020 ## - Международен стандартен номер на книга ISBN
Международен стандартен номер на книга ISBN 954-9536-60-2
-- издат.: Парадигма
040 ## - Източник на каталожния запис
Идентификатор на билиотеката - собственик на записа BLK
041 ## - Код за език
Код за езика на текст/звукозапис или на отделно заглавие Български
Код за езика КДБФ Български
080 ## - УДК
Текстов определител УДК Психология
УДК код - определител по УДК 159.9
УДК определител (075.8)
УДК - код + определител 159.9(075.8)
100 1# - Редна дума - Автор
Автор Трифонов, Трифон Момчилов
Авторска отговорност първи автор
R(LIN) 245754
139 ## - Редно поле
Редна дума Трифонов, Трифон Момчилов
Авторски знак Триф - Т 84
245 10 - Сведения за заглавието
Заглавие Обща психология
Подзаглавни данни Учебник
Редно поле (дума) Трифон Момчилов Трифонов.
250 ## - Област на изданието
Сведения за изданието 4. прераб. изд
257 ## - Страна на издаване
Страна на създаване/издаване България
260 ## - Област на издателските данни
-- София
Име на издателя, разпространителя и проч. Парадигма
Година на издаване 2002
Печатница В. Търново : Фабер
300 ## - Физическа характеристика
Страници 232 с.
Размери/Мащаб 20 см
380 ## - Жанр
Жанр Философия
500 ## - Общи забележки
Забележка 1. изд. 1987 на изд. Наука и изкуство. - Офс. изд. - Библиогр. под линия.
650 #4 - Допълнително описание по предмет – тема
Основно описание – тема или топоним Психология - учебници за ВУЗ
9 (RLIN) 241535
653 ## - Ключова дума – ненормативна
Ключова дума психология
653 ## - Ключова дума – ненормативна
Ключова дума учебници за ВУЗ
852 ## - Местоположение
Форматна сигнатура Цб 213074
856 4# - Електронен адрес и достъп
Електронен формат pdf - файл
Път до файла /url/
856 4# - Електронен адрес и достъп
Електронен формат pdf - файл
Път до файла /url/
942 ## - АРТИКУЛИ
Вид на библиотечния материал Книги
Скрит в OPAC Не
Koha issues (borrowed), all copies 18
944 ## - СЪЗДАВАНЕ И РЕДАКЦИЯ на ЗАПИСА
Създаване/Редакция Създаване
Дата на регистрацията/редакция 01.01.2002
Служител, извършил регистрацията/редакцията 30531
Статус, дата на статуса Цветелина Шанова
944 ## - СЪЗДАВАНЕ И РЕДАКЦИЯ на ЗАПИСА
Създаване/Редакция Редакция
Дата на регистрацията/редакция 04.11.2008
Служител, извършил регистрацията/редакцията
999 ## - СИСТЕМНИ КОНТРОЛНИ НОМЕРА
Koha biblionumber 99141
Koha biblioitemnumber 99141
Наличности
Код за отписване Код за изгубен артикул Код за повреда Коз за рестрикции Код за отдаване Артикулен № Име на библиотеката - собственик Име на библиотеката, в която се намира в момента Статус (Текущо местоположение) Дата на вписване в системата Местоположение - отдел Цена в лева Инвентарен номер Систематично азбучна сигнатура Баркод Номер на екземпляра Цена в евро Служебна бележка Служебен тип на артикула Източник на класификационната схема
  Не е изгубен Не е повреден без рестрикции ползва се в читалня 159710 Регионална библиотека "Любен Каравелов" Русе Регионална библиотека "Любен Каравелов" Русе Читалня 2002-11-11 Читалня 7.00 120000673249 Ч 159.9/Т 84 120000673249 1 3.58 Дост: Pk Вид: Ф N: 11589 Дата: 05.11.2002 Дата инв: 21.03.2017 Бележки инв: Ч2017 Книги  
  Не е изгубен Не е повреден без рестрикции ползва се в читалня 159711 Регионална библиотека "Любен Каравелов" Русе Регионална библиотека "Любен Каравелов" Русе Хранилище 2004-03-05 Хранилище 0.00 120000683334 Цб 213074 120000683334 2 0.00 Дост: Dp Вид: Д N: 16 Дата: 02.04.2003 Книги  
  Не е изгубен Не е повреден без рестрикции заемане за дома 159712 Регионална библиотека "Любен Каравелов" Русе Регионална библиотека "Любен Каравелов" Русе Заемна - подръчен фонд 2008-10-20 Заемна - подръчен фонд 9.00 120000730777 П 159.9/Т 84 120000730777 3 4.60 Дост: Pk Вид: Ф N: 8706 Дата: 14.10.2008 Дата инв: 07.02.2018 Бележки инв: П2018 Книги Universal Decimal Classification
Vip Innovations Ltd, Rousse, Bulgaria 2025